[Event "Titled Tuesday intern op 16th Apr Early"]
[Site "Chess.com INT"]
[Date "2024.04.16"]
[Round "3"]
[White "Markelova, Lubov"]
[Black "Soumya, Swaminathan"]
[Result "0-1"]
[WhiteElo "2078"]
[BlackElo "2253"]
[PlyCount "42"]
[EventDate "2024.04.16"]
[EventType "swiss (blitz)"]
[EventRounds "11"]
[EventCountry "USA"]
[SourceTitle "CB17_2024"]
[SourceDate "2024.04.24"]
[SourceVersion "1"]
[SourceVersionDate "2024.04.24"]
[SourceQuality "1"]

1. e4 g6 2. d4 Bg7 3. Nc3 d6 4. f3 a6 5. Be3 b5 6. Qd2 Bb7 7. 0-0-0 Nd7 8. h4 h6 9. Nh3 e6 10. g4 Ne7 11. Bd3 Rc8 12. Nf4 c5 13. dxc5 Nxc5 14. Nfe2 b4 15. Nb1 Qa5 16. Bc4 Nxe4 17. fxe4 Rxc4 18. Qxd6 Qc7 19. Qxc7 Rxc7 20. Nd2 0-0 21. Ng3 Rfc8 0-1

[Event "Titled Tuesday intern op 02nd Aug Early"]
[Site "Chess.com INT"]
[Date "2022.08.02"]
[Round "10"]
[White "Fernandez Hernandez, Gerardo"]
[Black "Markelova, Lubov"]
[Result "0-1"]
[WhiteElo "2169"]
[BlackElo "2125"]
[PlyCount "70"]
[EventDate "2022.08.02"]
[EventType "swiss (blitz)"]
[EventRounds "11"]
[EventCountry "USA"]
[SourceTitle "EXT 2023"]
[Source "ChessBase"]
[SourceDate "2022.10.05"]
[SourceVersion "1"]
[SourceVersionDate "2022.10.05"]
[SourceQuality "1"]

1. e4 c5 2. d3 g6 3. g3 Bg7 4. f4 Nc6 5. Bg2 d6 6. Nf3 e6 7. 0-0 Nge7 8. c3 0-0 9. Be3 Bd7 10. d4 cxd4 11. cxd4 d5 12. e5 Nf5 13. Bf2 h5 14. Nc3 Qb6 15. Qd2 Rac8 16. Rac1 Rc7 17. h3 Nh6 18. Nh2 Rfc8 19. g4 Ne7 20. Be3 hxg4 21. hxg4 Nc6 22. f5 gxf5 23. Bxh6 Bxh6 24. Qxh6 Qxd4+ 25. Kh1 Qxe5 26. gxf5 exf5 27. Nxd5 f6 28. Nxf6+ Kf7 29. Nhg4 Qxb2 30. Qh7+ Ke6 31. Rfe1+ Kd6 32. Red1+ Nd4 33. Rxc7 Rxc7 34. Ne3 Bc6 35. Bxc6 Rxh7+ 0-1

[Event "Titled Tuesday intern op 02nd Aug Early"]
[Site "Chess.com INT"]
[Date "2022.08.02"]
[Round "6"]
[White "Leve, Nitai D"]
[Black "Markelova, Lubov"]
[Result "1-0"]
[WhiteElo "2128"]
[BlackElo "2125"]
[PlyCount "61"]
[EventDate "2022.08.02"]
[EventType "swiss (blitz)"]
[EventRounds "11"]
[EventCountry "USA"]
[SourceTitle "EXT 2023"]
[Source "ChessBase"]
[SourceDate "2022.10.05"]
[SourceVersion "1"]
[SourceVersionDate "2022.10.05"]
[SourceQuality "1"]

1. d4 Nf6 2. c4 e6 3. Nc3 Bb4 4. Qc2 0-0 5. Nf3 d6 6. Bg5 Bxc3+ 7. bxc3 Nbd7 8. e3 b6 9. Bd3 h6 10. Bh4 Bb7 11. 0-0 Re8 12. Rfd1 e5 13. dxe5 Bxf3 14. gxf3 Nxe5 15. Be4 Rc8 16. f4 Nxc4 17. Bh7+ Kh8 18. Bd3 Na5 19. Kh1 d5 20. Rg1 Qd6 21. Rg2 Ne4 22. Rag1 Rg8 23. f3 Nf6 24. e4 Qxf4 25. Bg3 Qe3 26. Be5 dxe4 27. Bxe4 Nxe4 28. Rxg7 Nf2+ 29. Qxf2 Qxf2 30. Rxg8+ Kh7 31. R1g7# 1-0

[Event "Titled Tuesday intern op 10th May Early"]
[Site "Chess.com INT"]
[Date "2022.05.10"]
[Round "7"]
[White "Markelova, Lubov"]
[Black "Derraugh, Geordie"]
[Result "0-1"]
[WhiteElo "2144"]
[BlackElo "2177"]
[PlyCount "68"]
[EventDate "2022.05.10"]
[EventType "swiss (blitz)"]
[EventRounds "11"]
[EventCountry "USA"]
[SourceTitle "CBM 208 Extra"]
[Source "ChessBase"]
[SourceDate "2022.07.31"]
[SourceVersion "1"]
[SourceVersionDate "2022.07.31"]
[SourceQuality "1"]

1. Nf3 c5 2. c4 Nc6 3. Nc3 e5 4. g3 g6 5. Bg2 Bg7 6. 0-0 Nge7 7. a3 0-0 8. Rb1 d5 9. cxd5 Nxd5 10. Nxd5 Qxd5 11. d3 Qd6 12. Nd2 Be6 13. Ne4 Qe7 14. Be3 Nd4 15. Bxd4 exd4 16. Rc1 Rac8 17. f4 Rfe8 18. Bf3 Bd5 19. Qa4 b6 20. b4 c4 21. Nf6+ Bxf6 22. Bxd5 Qe3+ 23. Kh1 Qxe2 24. Bxc4 Rxc4 25. dxc4 Qe4+ 26. Kg1 d3 27. h4 Bd4+ 28. Kh2 Qe2+ 29. Kh3 h5 30. Qd1 Qe6+ 31. Kh2 Qf5 32. Rg1 Bxg1+ 33. Kxg1 Re2 34. Qf1 Qg4 0-1

[Event "Titled Tuesday intern op 19th Apr Early"]
[Site "Chess.com INT"]
[Date "2022.04.19"]
[Round "4"]
[White "Czerw, Dawid"]
[Black "Markelova, Lubov"]
[Result "1-0"]
[WhiteElo "2386"]
[BlackElo "2144"]
[PlyCount "25"]
[EventDate "2022.04.19"]
[EventType "swiss (blitz)"]
[EventRounds "11"]
[EventCountry "USA"]
[SourceTitle "EXT 2023"]
[Source "ChessBase"]
[SourceDate "2022.10.05"]
[SourceVersion "1"]
[SourceVersionDate "2022.10.05"]
[SourceQuality "1"]

1. d4 Nf6 2. c4 e6 3. Nc3 Bb4 4. f3 a5 5. e4 Kf8 6. Bd3 d6 7. Nge2 h6 8. 0-0 Kg8 9. a3 Bxc3 10. Nxc3 Rh7 11. f4 Nbd7 12. e5 dxe5 13. fxe5 1-0

[Event "Titled Tuesday intern op 19th Apr Early"]
[Site "Chess.com INT"]
[Date "2022.04.19"]
[Round "1"]
[White "Kim, Sergey2222"]
[Black "Markelova, Lubov"]
[Result "1-0"]
[WhiteElo "2295"]
[BlackElo "2144"]
[PlyCount "73"]
[EventDate "2022.04.19"]
[EventType "swiss (blitz)"]
[EventRounds "11"]
[EventCountry "USA"]
[SourceTitle "EXT 2023"]
[Source "ChessBase"]
[SourceDate "2022.10.05"]
[SourceVersion "1"]
[SourceVersionDate "2022.10.05"]
[SourceQuality "1"]

1. d4 Nf6 2. c4 e6 3. Nc3 Bb4 4. Qc2 0-0 5. a3 Bxc3+ 6. Qxc3 Ne4 7. Qc2 f5 8. Nf3 d6 9. g3 Nd7 10. Bg2 Qf6 11. 0-0 b6 12. b3 Bb7 13. Bb2 Rae8 14. Ne1 e5 15. d5 a5 16. Nd3 g5 17. b4 g4 18. f3 gxf3 19. exf3 Ng5 20. Rae1 Qg6 21. f4 Ne4 22. Nf2 Nxf2 23. Qxf2 e4 24. Qd4 Nf6 25. Kh1 Kf7 26. Bh3 Ng4 27. c5 h5 28. cxb6 Ba6 29. Rg1 Rc8 30. Rc1 cxb6 31. Qxb6 Bc4 32. Qb7+ Kg8 33. Bxg4 hxg4 34. Rg2 Qh5 35. Rd2 Qh3 36. Qa7 Ra8 37. Qg7# 1-0

[Event "Titled Tuesday intern op 19th Apr Early"]
[Site "Chess.com INT"]
[Date "2022.04.19"]
[Round "3"]
[White "Markelova, Lubov"]
[Black "Melikhov, Evgeny V"]
[Result "0-1"]
[WhiteElo "2144"]
[BlackElo "2292"]
[PlyCount "46"]
[EventDate "2022.04.19"]
[EventType "swiss (blitz)"]
[EventRounds "11"]
[EventCountry "USA"]
[SourceTitle "EXT 2023"]
[Source "ChessBase"]
[SourceDate "2022.10.05"]
[SourceVersion "1"]
[SourceVersionDate "2022.10.05"]
[SourceQuality "1"]

1. e4 c5 2. Nf3 d6 3. d4 cxd4 4. Nxd4 Nf6 5. Nc3 a6 6. f3 e5 7. Nb3 Be6 8. Be3 Be7 9. Qd2 0-0 10. 0-0-0 Nbd7 11. g4 b5 12. g5 Nh5 13. Nd5 Bxd5 14. exd5 Qc7 15. Na5 Rfc8 16. Nc6 Bf8 17. Bh3 Nb6 18. Bxc8 Rxc8 19. Bxb6 Qxb6 20. Qa5 Rxc6 21. Qd2 Rc4 22. h4 g6 23. Qe2 Ng3 0-1

[Event "Titled Tuesday intern op 10th Aug"]
[Site "Chess.com INT"]
[Date "2021.08.10"]
[Round "1"]
[White "Leiva Rodriguez, Jeammarco Giuseppe"]
[Black "Markelova, Lubov"]
[Result "1-0"]
[WhiteElo "2391"]
[BlackElo "2144"]
[PlyCount "71"]
[EventDate "2021.08.10"]
[EventType "swiss (blitz)"]
[EventRounds "11"]
[EventCountry "USA"]
[SourceTitle "CBM 203 Extra"]
[Source "ChessBase"]
[SourceDate "2021.09.30"]
[SourceVersion "1"]
[SourceVersionDate "2021.09.30"]
[SourceQuality "1"]

1. e4 e6 2. d3 d5 3. Nd2 c5 4. Ngf3 Nc6 5. g3 Bd6 6. Bg2 Nge7 7. 0-0 0-0 8. Re1 Qc7 9. c3 d4 10. Nc4 e5 11. a4 f6 12. Bd2 Be6 13. cxd4 cxd4 14. Rc1 Rac8 15. Qb3 Qd7 16. Qb5 a6 17. Qb3 Bc7 18. Qxb7 Rb8 19. Qxa6 Ra8 20. Qb5 Rfb8 21. Qc5 Rxa4 22. Ra1 Rxa1 23. Rxa1 h6 24. Ne1 Kh7 25. f4 Bxc4 26. Qxc4 Rxb2 27. Qc1 Rb3 28. Qc4 Rb2 29. Bc1 Re2 30. Kf1 Qg4 31. Nf3 Ba5 32. Kxe2 exf4 33. Bxf4 Bc3 34. Ra6 Na5 35. Qf7 Nb3 36. Rxf6 1-0

[Event "Titled Tuesday intern op 25th May"]
[Site "Chess.com INT"]
[Date "2021.05.25"]
[Round "1"]
[White "Krishnan, Varun"]
[Black "Markelova, Lubov"]
[Result "1-0"]
[WhiteElo "2228"]
[BlackElo "2179"]
[PlyCount "131"]
[EventDate "2021.05.25"]
[EventType "swiss (blitz)"]
[EventRounds "11"]
[EventCountry "USA"]
[SourceTitle "CBM 203 Extra"]
[Source "ChessBase"]
[SourceDate "2021.09.30"]
[SourceVersion "1"]
[SourceVersionDate "2021.09.30"]
[SourceQuality "1"]

1. Nf3 Nf6 2. d4 d5 3. c4 c6 4. Qc2 g6 5. g3 Bg7 6. Bg2 0-0 7. 0-0 Bf5 8. Qb3 Qb6 9. c5 Qxb3 10. axb3 Nbd7 11. Nc3 Ne4 12. b4 a6 13. Bf4 Nxc3 14. bxc3 Be4 15. Ne5 Nxe5 16. Bxe5 Bxg2 17. Bxg7 Bxf1 18. Bxf8 Bxe2 19. Bxe7 Re8 20. Bd6 Bc4 21. Be5 h5 22. h4 Re6 23. Kg2 Kf8 24. Kf3 Ke8 25. g4 f6 26. Bd6 Be2+ 27. Kg3 Bxg4 28. Bf4 Kf7 29. Be3 Be2 30. Re1 Bc4 31. f3 g5 32. Kf2 gxh4 33. Rh1 Re8 34. Rxh4 Kg6 35. Rh1 Bb5 36. Rg1+ Kf7 37. Rh1 Kg6 38. Rg1+ Kf7 39. Rg2 a5 40. bxa5 Ra8 41. Rh2 Rxa5 42. Rxh5 Ra2+ 43. Kg3 Ba6 44. Rh7+ Kg6 45. Rh6+ Kg7 46. Kg4 Rg2+ 47. Kf5 Rg3 48. Bf4 Rxf3 49. Rg6+ Kh7 50. Rxf6 Bd3+ 51. Ke5 Bg6 52. Rd6 Rxc3 53. Rd7+ Kg8 54. Kf6 Rf3 55. Kxg6 Rxf4 56. Rxb7 Kf8 57. Rc7 Rxd4 58. Kf6 Ke8 59. Rxc6 Re4 60. Rd6 Rd4 61. Ke5 Rd1 62. Ke6 Re1+ 63. Kxd5 Rd1+ 64. Kc6 Rxd6+ 65. cxd6 Kd8 66. d7 1-0

[Event "Titled Tuesday intern op 18th May"]
[Site "Chess.com INT"]
[Date "2021.05.18"]
[Round "9"]
[White "Degtiarev, Evgeny"]
[Black "Markelova, Lubov"]
[Result "1-0"]
[WhiteElo "2384"]
[BlackElo "2179"]
[PlyCount "97"]
[EventDate "2021.05.18"]
[EventType "swiss (blitz)"]
[EventRounds "11"]
[EventCountry "USA"]
[SourceTitle "CBM 202 Extra"]
[Source "ChessBase"]
[SourceDate "2021.07.31"]
[SourceVersion "1"]
[SourceVersionDate "2021.07.31"]
[SourceQuality "1"]

1. d4 d5 2. c4 c6 3. Nc3 Nf6 4. Nf3 e6 5. e3 Nbd7 6. Qc2 Bd6 7. Bd3 dxc4 8. Bxc4 b5 9. Bd3 Bb7 10. 0-0 0-0 11. a4 b4 12. Ne4 Nxe4 13. Bxe4 Nf6 14. Bd2 Qe7 15. Bd3 c5 16. a5 Rac8 17. dxc5 Rxc5 18. Qd1 Rh5 19. h3 Rd8 20. a6 Ba8 21. Rc1 Bb8 22. Qe2 Qd6 23. Rfd1 Bxf3 24. Qxf3 Qh2+ 25. Kf1 Rhd5 26. Bxb4 h6 27. Ke2 Qe5 28. Rc2 Nd7 29. Rcd2 Nb6 30. Bc3 Qd6 31. Be4 Rxd2+ 32. Rxd2 Qe7 33. Rxd8+ Qxd8 34. Bc2 Nc4 35. Qc6 Nd6 36. Bd4 Nc8 37. Qb7 Nb6 38. Bxb6 axb6 39. a7 Bxa7 40. Qxa7 g6 41. Qb7 Qd6 42. Qe4 Qc5 43. Qd3 b5 44. Qc3 Qb6 45. b4 Qd6 46. Qc5 Qh2 47. Be4 Qg1 48. Qc8+ Kg7 49. Qc3+ 1-0

[Event "Titled Tuesday intern op 18th May"]
[Site "Chess.com INT"]
[Date "2021.05.18"]
[Round "8"]
[White "Markelova, Lubov"]
[Black "Okike, David"]
[Result "0-1"]
[WhiteElo "2179"]
[BlackElo "2177"]
[PlyCount "122"]
[EventDate "2021.05.18"]
[EventType "swiss (blitz)"]
[EventRounds "11"]
[EventCountry "USA"]
[SourceTitle "CBM 202 Extra"]
[Source "ChessBase"]
[SourceDate "2021.07.31"]
[SourceVersion "1"]
[SourceVersionDate "2021.07.31"]
[SourceQuality "1"]

1. Nf3 d5 2. d4 c6 3. c4 Nf6 4. e3 g6 5. Nc3 Bg7 6. Be2 0-0 7. 0-0 Nbd7 8. cxd5 Nxd5 9. Nxd5 cxd5 10. b3 Re8 11. Ba3 a6 12. Rc1 Nf8 13. Ne5 f6 14. Nf3 Qa5 15. Bb2 Qxa2 16. Qc2 Qa5 17. Qc7 Qxc7 18. Rxc7 Ne6 19. Rc2 Bd7 20. Rfc1 Rac8 21. Ne1 Rxc2 22. Rxc2 Rc8 23. Bf3 Rxc2 24. Nxc2 Nc7 25. Ba3 e6 26. Bd6 Nb5 27. Bb4 Bf8 28. Ba5 Kf7 29. Kf1 Bd6 30. Ke2 Ke7 31. h4 h5 32. g4 hxg4 33. Bxg4 e5 34. Bf3 Bc6 35. h5 e4 36. Bg4 f5 37. h6 Kf7 38. Bh3 Kg8 39. f3 exf3+ 40. Kxf3 Kh7 41. Ne1 Kxh6 42. Nd3 Bd7 43. Bd8 g5 44. Bf1 Nc3 45. Ne5 Be6 46. Bd3 Ne4 47. Bxe4 dxe4+ 48. Kg3 Bxb3 49. Bb6 Kg7 50. Kf2 Kf6 51. Nd7+ Ke6 52. Nc5+ Bxc5 53. Bxc5 Kd5 54. Ke2 f4 55. exf4 gxf4 56. Bb6 Bc4+ 57. Kf2 Ke6 58. Bc7 Kf5 59. Bb6 e3+ 60. Ke1 Ke4 61. d5 Bxd5 0-1

[Event "Titled Tuesday intern op 18th May"]
[Site "Chess.com INT"]
[Date "2021.05.18"]
[Round "2"]
[White "Markelova, Lubov"]
[Black "Richter, Nils"]
[Result "0-1"]
[WhiteElo "2179"]
[BlackElo "2294"]
[PlyCount "120"]
[EventDate "2021.05.18"]
[EventType "swiss (blitz)"]
[EventRounds "11"]
[EventCountry "USA"]
[SourceTitle "CBM 202 Extra"]
[Source "ChessBase"]
[SourceDate "2021.07.31"]
[SourceVersion "1"]
[SourceVersionDate "2021.07.31"]
[SourceQuality "1"]

1. Nf3 c5 2. c4 e6 3. Nc3 Nf6 4. e3 b6 5. d4 cxd4 6. exd4 d5 7. cxd5 Nxd5 8. Bb5+ Bd7 9. Bxd7+ Qxd7 10. Ne5 Nxc3 11. bxc3 Qc7 12. Qa4+ Nd7 13. 0-0 Bd6 14. Bf4 f6 15. Nxd7 Qxd7 16. Qxd7+ Kxd7 17. Bxd6 Kxd6 18. c4 Rac8 19. Rac1 Rc7 20. Rfd1 Rhc8 21. c5+ Ke7 22. g3 bxc5 23. dxc5 Rxc5 24. Rxc5 Rxc5 25. Rd3 Ra5 26. a3 Ra4 27. h4 e5 28. Rb3 Kf7 29. Kg2 Kg6 30. Kf3 h5 31. Ke2 Kf5 32. Rf3+ Ke6 33. Rb3 g6 34. Kd2 Rd4+ 35. Ke2 a5 36. Rb6+ Kf5 37. Rb5 Ra4 38. Rb3 Rc4 39. Rb5 a4 40. Ra5 Ke4 41. f3+ Kd4 42. Ra6 Rc2+ 43. Kd1 Rg2 44. Rxa4+ Ke3 45. g4 Kxf3 46. gxh5 gxh5 47. Ra6 f5 48. Rh6 e4 49. a4 e3 50. Re6 Rg1+ 51. Kc2 f4 52. a5 Ra1 53. a6 Kf2 54. Kb2 Ra5 55. Kc2 f3 56. Kd3 e2 57. Kd2 Rxa6 58. Rxa6 e1Q+ 59. Kc2 Qe2+ 60. Kb3 Qxa6 0-1

[Event "Titled Tuesday intern op 18th May"]
[Site "Chess.com INT"]
[Date "2021.05.18"]
[Round "1"]
[White "Markelova, Lubov"]
[Black "Spyropoulos, Nikolaos"]
[Result "0-1"]
[WhiteElo "2179"]
[BlackElo "2425"]
[PlyCount "80"]
[EventDate "2021.05.18"]
[EventType "swiss (blitz)"]
[EventRounds "11"]
[EventCountry "USA"]
[SourceTitle "CBM 202 Extra"]
[Source "ChessBase"]
[SourceDate "2021.07.31"]
[SourceVersion "1"]
[SourceVersionDate "2021.07.31"]
[SourceQuality "1"]

1. Nf3 Nf6 2. c4 e6 3. e3 d5 4. d4 b6 5. Nc3 Bb7 6. Bd3 Bd6 7. cxd5 exd5 8. 0-0 a6 9. b3 Nbd7 10. Bb2 0-0 11. Rc1 Qe7 12. Ne2 Ne4 13. Ng3 f5 14. Rc2 Rac8 15. Qa1 Rce8 16. Rfc1 c5 17. Ne5 Nxe5 18. dxe5 Bxe5 19. Bxe5 Qxe5 20. Qxe5 Rxe5 21. a4 a5 22. Ne2 Re7 23. Rd1 g6 24. Bb5 Rd8 25. Nf4 g5 26. Nh5 Kf7 27. f3 Nd6 28. Kf2 Kg6 29. Ng3 Nxb5 30. axb5 Rde8 31. Re2 h5 32. e4 fxe4 33. fxe4 d4 34. Nf5 Rxe4 35. Rxe4 Rxe4 36. Nd6 Rf4+ 37. Kg1 Bd5 38. Nc8 Bxb3 39. Re1 d3 40. Nxb6 d2 0-1

[Event "Titled Tuesday intern op 18th May"]
[Site "Chess.com INT"]
[Date "2021.05.18"]
[Round "10"]
[White "Rytenko, Vsevolod"]
[Black "Markelova, Lubov"]
[Result "0-1"]
[WhiteElo "2383"]
[BlackElo "2179"]
[PlyCount "58"]
[EventDate "2021.05.18"]
[EventType "swiss (blitz)"]
[EventRounds "11"]
[EventCountry "USA"]
[SourceTitle "CBM 202 Extra"]
[Source "ChessBase"]
[SourceDate "2021.07.31"]
[SourceVersion "1"]
[SourceVersionDate "2021.07.31"]
[SourceQuality "1"]

1. e4 e6 2. d4 d5 3. e5 c5 4. c3 Qb6 5. Nf3 Nc6 6. Be2 Nh6 7. Na3 cxd4 8. cxd4 Nf5 9. Nc2 Bd7 10. 0-0 Rc8 11. a3 Na5 12. Ne3 Nb3 13. Rb1 Nbxd4 14. b4 Nxe2+ 15. Qxe2 Bb5 16. Qd2 Nxe3 17. fxe3 Bxf1 18. Kxf1 Be7 19. Nd4 0-0 20. Qd3 f6 21. exf6 Bxf6 22. Kg1 Bxd4 23. exd4 e5 24. Be3 e4 25. Qd2 Rc4 26. Rd1 Qc6 27. Qe2 Rc2 28. Qg4 Qg6 29. Qh3 Rf3 0-1

[Event "Titled Tuesday intern op 11th May"]
[Site "Chess.com INT"]
[Date "2021.05.11"]
[Round "4"]
[White "Iskusnyh, Sergei"]
[Black "Markelova, Lubov"]
[Result "1-0"]
[WhiteElo "2473"]
[BlackElo "2179"]
[PlyCount "81"]
[EventDate "2021.05.11"]
[EventType "swiss (blitz)"]
[EventRounds "11"]
[EventCountry "USA"]
[SourceTitle "CBM 202 Extra"]
[Source "ChessBase"]
[SourceDate "2021.07.31"]
[SourceVersion "1"]
[SourceVersionDate "2021.07.31"]
[SourceQuality "1"]

1. d4 d5 2. c4 c6 3. Nf3 Nf6 4. e3 Bf5 5. Nc3 e6 6. Nh4 Be4 7. f3 Bg6 8. Bd2 Nbd7 9. Nxg6 hxg6 10. Qc2 Qc7 11. 0-0-0 Rxh2 12. Rxh2 Qxh2 13. cxd5 exd5 14. e4 dxe4 15. fxe4 0-0-0 16. e5 Nxe5 17. dxe5 Qxe5 18. Qa4 Bc5 19. Bc4 Be3 20. Bxe3 Qxe3+ 21. Kb1 Rxd1+ 22. Qxd1 Ne4 23. Nxe4 Qxe4+ 24. Qd3 Qxg2 25. a3 Qg1+ 26. Ka2 Qf2 27. Qd6 Qf6 28. Qf8+ Kc7 29. Bxf7 g5 30. Qe8 g4 31. Bc4 g3 32. Qe4 b5 33. Be2 Qf7+ 34. Kb1 Qf2 35. Bf3 Qf1+ 36. Kc2 Qc4+ 37. Qxc4 bxc4 38. Kc3 Kd6 39. Kxc4 Ke5 40. Bxc6 g5 41. b4 1-0

[Event "Titled Tuesday intern op 11th May"]
[Site "Chess.com INT"]
[Date "2021.05.11"]
[Round "10"]
[White "Markelova, Lubov"]
[Black "Quirke, Jeffrey"]
[Result "0-1"]
[WhiteElo "2179"]
[BlackElo "2107"]
[PlyCount "68"]
[EventDate "2021.05.11"]
[EventType "swiss (blitz)"]
[EventRounds "11"]
[EventCountry "USA"]
[SourceTitle "CBM 202 Extra"]
[Source "ChessBase"]
[SourceDate "2021.07.31"]
[SourceVersion "1"]
[SourceVersionDate "2021.07.31"]
[SourceQuality "1"]

1. Nf3 d5 2. d4 e6 3. c4 dxc4 4. e3 b5 5. a4 c6 6. b3 Bb4+ 7. Bd2 Bxd2+ 8. Qxd2 a5 9. axb5 cxb5 10. bxc4 b4 11. Bd3 Nf6 12. 0-0 0-0 13. e4 e5 14. d5 Nbd7 15. Qe3 Qc7 16. Nbd2 h6 17. c5 Ng4 18. Qe2 Qxc5 19. Rfc1 Qa7 20. Nc4 a4 21. h3 Ngf6 22. Ncxe5 Nxe5 23. Nxe5 b3 24. Nc6 Qb6 25. Ra3 Bd7 26. Bb5 Rfe8 27. Rxa4 Rxa4 28. Bxa4 Rxe4 29. Qd3 Rxa4 30. Ne7+ Kf8 31. d6 b2 32. Rb1 Ra1 33. Nd5 Rxb1+ 34. Qxb1 Nxd5 0-1

[Event "Titled Tuesday intern op 11th May"]
[Site "Chess.com INT"]
[Date "2021.05.11"]
[Round "3"]
[White "Markelova, Lubov"]
[Black "Sieciechowicz, Marcin"]
[Result "1-0"]
[WhiteElo "2179"]
[BlackElo "2393"]
[PlyCount "63"]
[EventDate "2021.05.11"]
[EventType "swiss (blitz)"]
[EventRounds "11"]
[EventCountry "USA"]
[SourceTitle "CBM 202 Extra"]
[Source "ChessBase"]
[SourceDate "2021.07.31"]
[SourceVersion "1"]
[SourceVersionDate "2021.07.31"]
[SourceQuality "1"]

1. Nf3 Nf6 2. c4 g6 3. Nc3 d5 4. cxd5 Nxd5 5. e4 Nxc3 6. bxc3 Bg7 7. Bc4 0-0 8. Ba3 b6 9. 0-0 Bb7 10. d4 c5 11. e5 Nc6 12. e6 Na5 13. exf7+ Kh8 14. Be6 Qd6 15. Re1 Bf6 16. Re3 Rad8 17. h4 Qf4 18. Qe2 Bd5 19. dxc5 Nc4 20. Bxd5 Nxe3 21. fxe3 Qg3 22. Rd1 bxc5 23. Bxc5 Bxc3 24. Bd4+ Bxd4 25. Rxd4 e5 26. Rd1 Kg7 27. Ng5 Rd6 28. Ne6+ Kxf7 29. Nxf8+ Kxf8 30. Rf1+ Kg7 31. Qf3 Qxh4 32. Qf8# 1-0

[Event "Titled Tuesday intern op 11th May"]
[Site "Chess.com INT"]
[Date "2021.05.11"]
[Round "1"]
[White "Markelova, Lubov"]
[Black "Zarubitski, Viachaslau"]
[Result "0-1"]
[WhiteElo "2179"]
[BlackElo "2444"]
[PlyCount "108"]
[EventDate "2021.05.11"]
[EventType "swiss (blitz)"]
[EventRounds "11"]
[EventCountry "USA"]
[SourceTitle "CBM 202 Extra"]
[Source "ChessBase"]
[SourceDate "2021.07.31"]
[SourceVersion "1"]
[SourceVersionDate "2021.07.31"]
[SourceQuality "1"]

1. Nf3 d5 2. d4 Nf6 3. c4 c6 4. e3 Bf5 5. cxd5 cxd5 6. Nc3 Nc6 7. Ne5 Qc7 8. Bb5 Bd7 9. Nxd7 Qxd7 10. 0-0 e6 11. Bd2 Bd6 12. Qa4 0-0 13. Bxc6 bxc6 14. Rac1 Rab8 15. Qc2 c5 16. dxc5 Bxc5 17. Na4 Bd6 18. b3 Ba3 19. Rcd1 Ne4 20. Qd3 Rfc8 21. f3 Nxd2 22. Rxd2 Qb5 23. Qxb5 Rxb5 24. e4 dxe4 25. fxe4 Rb7 26. Rfd1 g5 27. Rd7 Rxd7 28. Rxd7 Rc1+ 29. Kf2 Rc2+ 30. Kf3 h5 31. h3 Rxa2 32. Rxa7 Bc5 33. Ra8+ Kg7 34. Rc8 Rf2+ 35. Kg3 h4+ 36. Kh2 Be3 37. Rc3 Re2 38. Nc5 Re1 39. g3 Re2+ 40. Kh1 hxg3 41. Rxe3 Rxe3 42. Kg2 Rc3 43. b4 Rc4 44. Kxg3 Rxb4 45. Kf3 Kg6 46. Nd7 Rb3+ 47. Kg2 Kh5 48. Nf6+ Kh4 49. e5 Rb2+ 50. Kf3 Kxh3 51. Ne4 g4+ 52. Kf4 Rb4 53. Ke3 Rxe4+ 54. Kxe4 g3 0-1

[Event "Titled Tuesday intern op 11th May"]
[Site "Chess.com INT"]
[Date "2021.05.11"]
[Round "11"]
[White "Necula, Iulian"]
[Black "Markelova, Lubov"]
[Result "1/2-1/2"]
[WhiteElo "1890"]
[BlackElo "2179"]
[PlyCount "130"]
[EventDate "2021.05.11"]
[EventType "swiss (blitz)"]
[EventRounds "11"]
[EventCountry "USA"]
[SourceTitle "CBM 202 Extra"]
[Source "ChessBase"]
[SourceDate "2021.07.31"]
[SourceVersion "1"]
[SourceVersionDate "2021.07.31"]
[SourceQuality "1"]

1. Nf3 d5 2. g3 c6 3. Bg2 Nf6 4. 0-0 Bf5 5. d3 h6 6. Re1 Nbd7 7. Nbd2 e5 8. e4 dxe4 9. Nxe4 Nxe4 10. dxe4 Be6 11. Qe2 Be7 12. b3 0-0 13. c4 Qc7 14. Bb2 Bg4 15. h3 Bxf3 16. Bxf3 Rfd8 17. Rad1 Bb4 18. Rf1 a5 19. a3 Be7 20. Rd3 Nc5 21. Rxd8+ Rxd8 22. b4 axb4 23. axb4 Ne6 24. c5 Nd4 25. Bxd4 Rxd4 26. Rd1 Rxb4 27. Qc2 Rd4 28. Rxd4 exd4 29. Qc4 Qe5 30. Qb3 Bxc5 31. Qxb7 d3 32. Qc8+ Kh7 33. Qf5+ Qxf5 34. exf5 d2 35. Kf1 Bb4 36. Ke2 c5 37. Kd3 Kg8 38. Kc4 Kf8 39. Bd1 Ke7 40. f4 Kf6 41. g4 g6 42. fxg6 Kxg6 43. Bc2+ Kf6 44. Bd1 Ba3 45. Kb3 Bb4 46. Kc4 Ke6 47. Bc2 Ba3 48. Kb3 Bc1 49. Kc4 Kd6 50. Bd1 Bb2 51. Bc2 Bd4 52. Kd3 Bf2 53. Kxd2 Kd5 54. g5 hxg5 55. fxg5 Bh4 56. g6 fxg6 57. Bxg6 Kd4 58. Bf7 c4 59. Bxc4 Kxc4 60. Ke3 Bg5+ 61. Kf3 Bd2 62. Kg4 Kd5 63. h4 Ke6 64. h5 Kf7 65. h6 Bxh6 1/2-1/2

[Event "Titled Tuesday intern op 27th Apr"]
[Site "Chess.com INT"]
[Date "2021.04.27"]
[Round "3"]
[White "Markelova, Lubov"]
[Black "Aradhya, Garg"]
[Result "1/2-1/2"]
[WhiteElo "2179"]
[BlackElo "2198"]
[PlyCount "68"]
[EventDate "2021.04.27"]
[EventType "swiss (blitz)"]
[EventRounds "11"]
[EventCountry "USA"]
[SourceTitle "CBM 202 Extra"]
[Source "ChessBase"]
[SourceDate "2021.07.31"]
[SourceVersion "1"]
[SourceVersionDate "2021.07.31"]
[SourceQuality "1"]

1. Nf3 d5 2. d4 Nf6 3. c4 c6 4. e3 Bf5 5. cxd5 cxd5 6. Nc3 e6 7. Ne5 Nfd7 8. Bd3 Bxd3 9. Nxd3 Nc6 10. 0-0 Be7 11. Bd2 0-0 12. Rc1 Rc8 13. Qe2 a6 14. Rfd1 b5 15. f3 Nb6 16. b3 h5 17. Be1 g6 18. Bf2 Kg7 19. Nc5 Bxc5 20. dxc5 Nd7 21. e4 d4 22. Bxd4+ Nxd4 23. Rxd4 Rxc5 24. Rcd1 Rxc3 25. Rxd7 Qb6+ 26. Qf2 Qxf2+ 27. Kxf2 Rfc8 28. R1d2 g5 29. Ra7 Rc2 30. Ke2 R8c6 31. Kd3 Rc1 32. Ke2 R1c2 33. Kd3 R6c3+ 34. Ke2 Rc6 1/2-1/2